Представление документа в формате MARC21

Поле Инд. ПП Название Значение
Тип записи a
Библиографический уровень m
001 Контрольный номер RU/LIBMSTU/307103026
005 Дата корректировки 20160127104206.7
008 Кодируемые данные 091001|||||||||ru |||||||||||000|||rus||
020 a ISBN 978-5-406-00010-6
c Цена, тираж 100-00
040 b Код языка каталог. rus
041 a Код языка текста rus
084 a Индекс другой классификации/Индекс ББК 67.401.0я7+66.03
090 a Полочн. индекс 67.401
x Авторский знак Я 64
100 1_ a Автор Яновский В. В.
245 10 a Заглавие Введение в специальность "Государственное и муниципальное управление"
b Продолж. заглавия учеб. пособие
260 a Место издания Москва
b Издательство КноРус
c Дата издания 2009
300 a Объем 199, [1] с.
504 a Библиография Библиогр.: с. 171-174
650 a Основная рубрика Административное право-Российская Федерация-Государственная служба-Учебные издания для высших учебных изданий
653 a Ключевые слова Административное право
a Ключевые слова Бюрократия
a Ключевые слова Государственная служба
a Ключевые слова Государственное управление
a Ключевые слова Муниципальная служба
a Ключевые слова Муниципальное управление
700 a Другие авторы Кирсанов С. А.
901 t Тип документа m
952 b Гриф литературы для ВШ Допущено Советом УМО вузов России по образованию в области менеджмента
c Вид литературы учебное пособие